| 000 | 00654nam a2200181 a 4500 | ||
|---|---|---|---|
| 001 | BRCA_1577 | ||
| 005 | 20190320203456.0 | ||
| 008 | 060905s1989----mx-a---###---#000-0#spa-# | ||
| 050 | 4 |
_aN6559.C3 _b.F43 1989 |
|
| 245 | 1 | 0 |
_aFederico Cantú _buna nueva visión _ccoordinación, investigación y selección de textos Agustín Arteaga Domínguez. |
| 260 |
_aMéxico _bBanpaís : CONACULTA : INBA _c1989 |
||
| 300 |
_a159 p. _bil. (algunas a color) _c30 cm. |
||
| 504 | _aBibliografía: p. 125-127 | ||
| 600 | 1 | 4 |
_aCantú, Federico _d1908- _95029 |
| 650 | 1 | 4 |
_aArtistas _vBiografía _zMéxico _93612 |
| 700 | 1 |
_aArteaga Domínguez, Agustín _95030 |
|
| 942 |
_2lcc _cB |
||
| 999 |
_c1408 _d1408 |
||